000 00550nam a22001937a 4500
005 20251014105407.0
008 251014b |||||||| |||| 00| 0 eng d
037 _cTB
040 _aCRL
_cCRL
041 _2ARB
_aARB
084 _bCRL
100 _aQudoos, Ehsan Abdul
_9848178
245 _aLa-nashr kooni hina wahdi
260 _aCairo, Egypt:
_bAkhbar al-youm,
_c1999.
300 _a199p.
365 _b130.00
_cINR
942 _2CC
_cTB
_n0
999 _c1464716
_d1464716